Tìm hiểu lịch sử Đảng Cộng sản Việt Nam qia các Đại hội và hội nghị Trung ương (1930 - 2002)
v.v...
Đã lưu trong:
| Tác giả chính: | |
|---|---|
| Định dạng: | Sách |
| Năm xuất bản: |
H.
Lao động
2003
|
| Chủ đề: | |
| Tags: |
Thêm thẻ
Không có thẻ, Hãy là người đầu tiên gắn thẻ bản ghi này!
|
| LEADER | 00907nam a2200193 4500 | ||
|---|---|---|---|
| 082 | |a 324.2597075 |b T310h | ||
| 100 | |a Nguyễn Trọng Phúc | ||
| 245 | |a Tìm hiểu lịch sử Đảng Cộng sản Việt Nam qia các Đại hội và hội nghị Trung ương (1930 - 2002) |c Nguyễn Trọng Phúc chủ biên, Nguyễn Quốc Bảo | ||
| 260 | |a H. |b Lao động |c 2003 | ||
| 300 | |a 1566 tr. |c 21 cm. | ||
| 520 | |a v.v... | ||
| 653 | |a Đảng Cộng sản Việt Nam | ||
| 653 | |a Lịch sử | ||
| 653 | |a Đại hội | ||
| 653 | |a Hội nghị | ||
| 942 | |2 ddc |c STK0 | ||
| 999 | |c 8770 |d 8770 | ||
| 952 | |0 0 |1 0 |2 ddc |4 0 |6 324_259707500000000_T310H |7 0 |8 300 |9 71560 |a qbu |b qbu |c D2 |d 2015-04-27 |g 380000 |o 324.2597075 T310h. |p 8845.c1 |r 0000-00-00 |w 2015-04-27 |y STK0 | ||
| 952 | |0 0 |1 0 |2 ddc |4 0 |6 324_259707500000000_T310H |7 0 |8 300 |9 71561 |a qbu |b qbu |c D2 |d 2015-04-27 |g 380000 |o 324.2597075 T310h. |p 8845.c2 |r 0000-00-00 |w 2015-04-27 |y STK0 | ||